| 000 | 00567nam a2200169 i 4500 | ||
|---|---|---|---|
| 001 | 69865 | ||
| 003 | ES-MaACL | ||
| 007 | t| | ||
| 008 | 040712s1982 sp ||||1| spa d | ||
| 100 | 1 |
_aGarcía Lesmes, Aurelio. _954820 |
|
| 245 | 1 | 0 |
_aGarcía Lesmes _b: [exposición], Banco de Bilbao, Valladolid, febrero-marzo 1981 / _cAurelio García Lesmes. |
| 260 |
_a[Bilbao] : _bBanco de Bilbao, _c[1981] |
||
| 300 |
_a79 p., 13 lám. : _bil. ; _c27 cm. |
||
| 710 | 2 |
_aBanco de Bilbao. _92097 |
|
| 852 |
_aES-MaACL _jL-869 _bR.101779 |
||
| 852 |
_aES-MaACL _jL-870 _bR.101703 |
||
| 999 |
_c69865 _d69865 |
||